| 000 | 00503nam a2200169Ia 4500 | ||
|---|---|---|---|
| 003 | OSt | ||
| 005 | 20200623095645.0 | ||
| 008 | 190216s9999||||xx |||||||||||||| ||und|| | ||
| 040 | _coclc | ||
| 082 |
_a954 _bKUN/P |
||
| 100 |
_aKunhi A K, Mohamed _9134 |
||
| 245 | 0 |
_aPrincipal Architects Of The Partition Of India A Fresh Appraisal / _cMohamed Kunhi A K |
|
| 260 |
_bMuhammed Kunji K, _c2003. |
||
| 300 | _a92p | ||
| 650 | _aHistory | ||
| 942 |
_cBK _2ddc _h954 _iKUN/P _k954 _mKUN/P |
||
| 999 |
_c21094 _d21094 |
||